<?xml version="1.0" encoding="UTF-8"?>
<marc:record xmlns:marc="http://www.loc.gov/MARC21/slim">
   <marc:leader>00000nam a2200000 a 4500</marc:leader>
   <marc:datafield ind1="1" ind2=" " tag="100">
      <marc:subfield code="a">Weinhold, Katja</marc:subfield>
      <marc:subfield code="4">aut</marc:subfield>
      <marc:subfield code="e">Verfasser/-in</marc:subfield>
   </marc:datafield>
   <marc:datafield ind1=" " ind2=" " tag="653">
      <marc:subfield code="a">10: Verstehen</marc:subfield>
   </marc:datafield>
   <marc:datafield ind1=" " ind2=" " tag="653">
      <marc:subfield code="a">Kosten</marc:subfield>
   </marc:datafield>
   <marc:datafield ind1=" " ind2=" " tag="653">
      <marc:subfield code="a">Ratgeber u. Praktikerbücher</marc:subfield>
   </marc:datafield>
   <marc:datafield ind1=" " ind2=" " tag="653">
      <marc:subfield code="a">PV</marc:subfield>
   </marc:datafield>
   <marc:datafield ind1=" " ind2=" " tag="653">
      <marc:subfield code="a">Haustechnik</marc:subfield>
   </marc:datafield>
   <marc:datafield ind1=" " ind2=" " tag="653">
      <marc:subfield code="a">Solarenergie u. Photovoltaik</marc:subfield>
   </marc:datafield>
   <marc:datafield ind1=" " ind2=" " tag="653">
      <marc:subfield code="a">Hydraulik</marc:subfield>
   </marc:datafield>
   <marc:datafield ind1=" " ind2=" " tag="653">
      <marc:subfield code="a">Energie</marc:subfield>
   </marc:datafield>
   <marc:datafield ind1=" " ind2=" " tag="653">
      <marc:subfield code="a">Photovoltaik</marc:subfield>
   </marc:datafield>
   <marc:datafield ind1=" " ind2=" " tag="653">
      <marc:subfield code="a">08: Optimieren</marc:subfield>
   </marc:datafield>
   <marc:datafield ind1=" " ind2=" " tag="653">
      <marc:subfield code="a">Sonstige Erneuerbare Energien</marc:subfield>
   </marc:datafield>
   <marc:datafield ind1=" " ind2=" " tag="653">
      <marc:subfield code="a">Immobilie</marc:subfield>
   </marc:datafield>
   <marc:datafield ind1=" " ind2=" " tag="653">
      <marc:subfield code="a">Wärmepumpe</marc:subfield>
   </marc:datafield>
   <marc:datafield ind1=" " ind2=" " tag="653">
      <marc:subfield code="a">Haus</marc:subfield>
   </marc:datafield>
   <marc:datafield ind1=" " ind2=" " tag="653">
      <marc:subfield code="a">Lifestyle</marc:subfield>
   </marc:datafield>
   <marc:datafield ind1=" " ind2=" " tag="653">
      <marc:subfield code="a">EG36: Sonstige Erneuerbare Energien</marc:subfield>
   </marc:datafield>
   <marc:datafield ind1=" " ind2=" " tag="653">
      <marc:subfield code="a">EG34: Solarenergie u. Photovoltaik</marc:subfield>
   </marc:datafield>
   <marc:datafield ind1=" " ind2=" " tag="653">
      <marc:subfield code="a">Wohnung</marc:subfield>
   </marc:datafield>
   <marc:datafield ind1=" " ind2=" " tag="653">
      <marc:subfield code="a">Ratgeber</marc:subfield>
   </marc:datafield>
   <marc:datafield ind1=" " ind2=" " tag="653">
      <marc:subfield code="a">Energiesparen</marc:subfield>
   </marc:datafield>
   <marc:datafield ind1=" " ind2=" " tag="653">
      <marc:subfield code="a">Geothermie</marc:subfield>
   </marc:datafield>
   <marc:datafield ind1=" " ind2=" " tag="653">
      <marc:subfield code="a">Heizen</marc:subfield>
   </marc:datafield>
   <marc:datafield ind1=" " ind2=" " tag="653">
      <marc:subfield code="a">Bestand</marc:subfield>
   </marc:datafield>
   <marc:datafield ind1=" " ind2=" " tag="653">
      <marc:subfield code="a">Klimaanlage</marc:subfield>
   </marc:datafield>
   <marc:datafield ind1=" " ind2=" " tag="653">
      <marc:subfield code="a">PV-Anlage</marc:subfield>
   </marc:datafield>
   <marc:datafield ind1=" " ind2=" " tag="653">
      <marc:subfield code="a">Warmwasser</marc:subfield>
   </marc:datafield>
   <marc:datafield ind1=" " ind2=" " tag="653">
      <marc:subfield code="a">Gebäude</marc:subfield>
   </marc:datafield>
   <marc:datafield ind1=" " ind2=" " tag="653">
      <marc:subfield code="a">Kaltwasser</marc:subfield>
   </marc:datafield>
   <marc:datafield ind1=" " ind2=" " tag="653">
      <marc:subfield code="a">Kühlen</marc:subfield>
   </marc:datafield>
   <marc:datafield ind1=" " ind2=" " tag="653">
      <marc:subfield code="a">Heizung</marc:subfield>
   </marc:datafield>
   <marc:datafield ind1=" " ind2=" " tag="653">
      <marc:subfield code="a">Heizungsgesetz</marc:subfield>
   </marc:datafield>
   <marc:datafield ind1=" " ind2=" " tag="653">
      <marc:subfield code="a">Wärmepumpengesetz</marc:subfield>
   </marc:datafield>
   <marc:datafield ind1=" " ind2=" " tag="653">
      <marc:subfield code="a">LF60: Ratgeber u. Praktikerbücher</marc:subfield>
   </marc:datafield>
   <marc:datafield ind1="0" ind2="0" tag="245">
      <marc:subfield code="a">Wärmepumpen für Dummies®</marc:subfield>
   </marc:datafield>
   <marc:datafield ind1="0" ind2="0" tag="245">
      <marc:subfield code="b">wo und für wen sich eine Wärmepumpe lohnt - für Neubauten und Heizungstausch: von der Idee bis zum warmen Haus - Technik verstehen, Machbarkeit ermitteln, Fördermöglichkeiten nutzen</marc:subfield>
   </marc:datafield>
   <marc:datafield ind1="0" ind2="0" tag="245">
      <marc:subfield code="c">Katja Weinhold</marc:subfield>
   </marc:datafield>
   <marc:datafield ind1=" " ind2="1" tag="264">
      <marc:subfield code="a">Weinheim, Germany</marc:subfield>
      <marc:subfield code="b">Wiley-VCH GmbH</marc:subfield>
      <marc:subfield code="c">2024</marc:subfield>
   </marc:datafield>
   <marc:datafield ind1="1" ind2=" " tag="490">
      <marc:subfield code="a">Lernen einfach gemacht</marc:subfield>
   </marc:datafield>
   <marc:datafield ind1=" " ind2=" " tag="250">
      <marc:subfield code="a">1. Auflage</marc:subfield>
   </marc:datafield>
   <marc:datafield ind1="1" ind2=" " tag="520">
      <marc:subfield code="a">Direkt zum Inhalt         Deutsch     English                                  Menü ein-/ausklappen        Shop  Neuerscheinungen Fachgebiete Bookfinder Zeitschriften eBooks Warenkorb Zusatzmaterial verfügbarer Titel Zusatzmaterial vergriffener Titel  Fachgebiete  Computer und Informatik Finanzen, Wirtschaft, Recht  Geistes-und Sozialwissenschaften Hobby und Freizeit Hotelfach und Gastronomie Ingenieurwesen  Kunst und Kultur  Mathematik und Statistik Medizin und Gesundheit  Naturwissenschaften   Service  Publizierende Bibliotheken Buchhandel Presse Anzeigen Industrie und Firmen Dozierende Lizenzen/Rechte Privatpersonen  Research Libraries  Research Libraries Journal Collections Special Collections  Publishing Services  Publish My Research Publish My Book Resources  Über Wiley  Der Verlag und seine Geschichte Kontakt Wiley Weltweit Impressum/Datenschutz AGB &amp; Widerrufsbelehrung Gesellschaften und Partnerschaften Karriere                              ##   Wiley-VCH, Weinheim Wärmepumpen für Dummies  Wie Wärmepumpen funktionieren und wie Sie eine Wärmepumpe gewinnbringend in Ihr Heiz- und Kühlsystem.. Product #: 978-3-527-72124-5  Regular price: $20.56  $20.56 Auf Lager   Wärmepumpen für Dummies #Weinhold, Katja #...für Dummies      # 1. Auflage April 2024#XXX, 258 Seiten, Softcover#Deutsche Dummies  #   ISBN: 978-3-527-72124-5   Wiley-VCH, Weinheim  # #InhaltProbekapitelIndex    Kurzbeschreibung #Wie Wärmepumpen funktionieren und wie Sie eine Wärmepumpe gewinnbringend in Ihr Heiz- und Kühlsystem integrieren, erfahren Sie in diesem Buch. Mit Beispielen und Tipps und Tricks von den Vorüberlegungen über das Angebot bis zur Inbetriebnahme.          # Jetzt kaufen    Preis: 22,00   #Preis inkl. MwSt, zzgl. Versand ## Euro-Preise für Wiley-VCH- und Ernst &amp;amp; Sohn-Titel sind nur für Deutschland gültig. In EU-Ländern gilt die lokale Mehrwertsteuer. Portokosten werden berechnet.   Jetzt bestellen       #Weitere Versionen            Beschreibung Autoreninfo    #Sie möchten verstehen, wie Wärmepumpen funktionieren, wie Sie sie in Ihr (bestehendes) Heiz- und Kühlsystem optimal integrieren, welche Förderung Sie erhalten und welche Kosten im Falle eines Einbaus auf Sie zukämen? Dann ist dieses Buch wie für Sie gemacht. Es erklärt die Technik leicht verständlich, macht mögliche Kosten transparent und unterstützt Sie so bei der Entscheidungsfindung. Darüber hinaus zeigt es Ihnen ganz konkret, welche Schritte Sie unternehmen müssen, wenn Sie sich für einen Einbau entscheiden.   Katja Weinhold ist Pressesprecherin des Bundesverbands Wärmepumpe e. V. Sie ist Expertin im Wärmesektor und war zudem lange Zeit in den beiden Sektoren für erneuerbaren Strom und dem Mobilitätssektor tätig. Ihre Leidenschaft gehört der einfachen Vermittlung technisch anspruchsvoller Sachverhalte.                             Info  Über Wiley Gesellschaften und Partner AGB &amp;amp; Widerrufsbelehrung Kontakt &amp;amp; Impressum/Datenschutz    Newsletter  Wiley-VCH Alerting Service                  Social Media          #©2024 Wiley-VCH GmbH - Betreiber - www.wiley-vch.de - info@wiley-vch.de - Datenschutz - Cookie Einstellungen#Copyright © 2000-2024 by John Wiley &amp;amp; Sons, Inc., or related companies. All rights reserved.           JavaScript is currently disabled.Please enable it for a better experience of Jumi.</marc:subfield>
   </marc:datafield>
   <marc:datafield ind1=" " ind2=" " tag="020">
      <marc:subfield code="a">9783527721245</marc:subfield>
      <marc:subfield code="9">9783527721245</marc:subfield>
   </marc:datafield>
   <marc:datafield ind1=" " ind2=" " tag="041">
      <marc:subfield code="a">ger</marc:subfield>
   </marc:datafield>
   <marc:datafield ind1=" " ind2=" " tag="300">
      <marc:subfield code="a">370 Seiten</marc:subfield>
   </marc:datafield>
</marc:record>
